Statistics for World Currencies Quiz on a Map

Click here to take the quiz!

General Stats

  • This quiz has been taken 13,964 times
    (7,834 since last reset)
  • The average score is 138 of 196

Answers on the Map

Answers color-coded by a green-red scale on the quiz's map according to % correct below.
 

Answer Stats

CountryCurrency% Correct
Australia | NauruAustralian dollar
100%
PanamaBalboa, United States dollar
100%
CanadaCanadian dollar
100%
KiribatiKiribati dollar, Australian dollar
100%
TuvaluTuvaluan dollar, Australian dollar
100%
East Timor | Ecuador | Federated States of
Micronesia | +4 others
United States dollar
100%
El SalvadorUnited States dollar, Bitcoin
100%
BahamasBahamian dollar
99%
BarbadosBarbadian dollar
99%
BelizeBelize dollar
99%
BruneiBrunei dollar, Singapore dollar
99%
Antigua and Barbuda | Dominica | Grenada | +3 othersEastern Caribbean dollar
99%
Andorra | Austria | Belgium | +23 othersEuro
99%
FijiFiji dollar
99%
GuyanaGuyana dollar
99%
JamaicaJamaican dollar
99%
LiberiaLiberian dollar
99%
NamibiaNamibian dollar, Rand
99%
TaiwanNew Taiwan dollar
99%
New ZealandNew Zealand dollar
99%
SingaporeSingapore dollar, Brunei dollar
99%
Solomon IslandsSolomon Islands dollar
99%
SurinameSurinamese dollar
99%
Trinidad and TobagoTrinidad and Tobago dollar
99%
ArgentinaArgentine peso
96%
ChileChilean peso
96%
ColombiaColombian peso
96%
CubaCuban peso
96%
Dominican RepublicDominican peso
96%
MexicoMexican peso
96%
PhilippinesPhilippine peso
96%
United KingdomPound sterling
96%
UruguayUruguayan peso
96%
EgyptEgyptian pound
95%
LebanonLebanese pound
95%
South SudanSouth Sudanese pound
95%
SudanSudanese pound
95%
SyriaSyrian pound
95%
JapanYen
95%
RussiaRussian ruble
89%
BelarusBelarusian ruble
88%
IndiaIndian rupee
88%
MauritiusMauritian rupee
87%
NepalNepalese rupee
87%
PakistanPakistani rupee
87%
SeychellesSeychellois rupee
87%
Sri LankaSri Lankan rupee
87%
BhutanNgultrum, Indian rupee
86%
BurundiBurundian franc
84%
Cameroon | Central African Republic | Chad | +3 othersCentral African CFA franc
84%
ComorosComorian franc
84%
Democratic Republic
of the Congo
Congolese franc
84%
DjiboutiDjiboutian franc
84%
GuineaGuinean franc
84%
RwandaRwandan franc
84%
Liechtenstein | SwitzerlandSwiss Franc
84%
Benin | Burkina Faso | Guinea-Bissau | +5 othersWest African CFA franc
84%
DenmarkDanish krone
80%
NorwayNorwegian krone
80%
IcelandIcelandic króna
77%
SwedenSwedish krona
77%
TurkeyTurkish lira
77%
ChinaYuan
74%
IranIranian rial
72%
OmanOmani rial
72%
QatarQatari riyal
72%
BrazilReal
72%
CambodiaRiel
72%
Saudi ArabiaSaudi riyal
72%
YemenYemeni rial
72%
AlgeriaAlgerian dinar
70%
BahrainBahraini dinar
70%
IraqIraqi dinar
70%
JordanJordanian dinar
70%
KuwaitKuwaiti dinar
70%
LibyaLibyan dinar
70%
North MacedoniaMacedonian denar
70%
SerbiaSerbian dinar
70%
TunisiaTunisian dinar
70%
North KoreaNorth Korean won
65%
South KoreaSouth Korean won
65%
IndonesiaRupiah
62%
PolandZłoty
62%
Czech RepublicKoruna
56%
EswatiniLilangeni, Rand
55%
LesothoLoti, Rand
55%
South AfricaRand
55%
ThailandBaht
53%
KenyaKenyan shilling
52%
SomaliaSomali shilling
52%
TanzaniaTanzanian shilling
52%
UgandaUgandan shilling
52%
VietnamDong
50%
VenezuelaBolívar
49%
MaldivesRufiyaa
48%
IsraelShekel
44%
Bosnia and
Herzegovina
Bosnia and Herzegovina
convertible mark
43%
MoldovaMoldovan leu
43%
RomaniaRomanian leu
43%
BulgariaLev
41%
MoroccoMoroccan dirham
40%
United Arab EmiratesUnited Arab Emirates dirham
40%
HungaryForint
37%
PeruSol
33%
AlbaniaLek
31%
GuatemalaQuetzal
31%
AfghanistanAfghani
30%
UkraineHryvnia
28%
MalaysiaRinggit
27%
Cape VerdeCape Verdean escudo
26%
BoliviaBoliviano
24%
ParaguayGuaraní
24%
KyrgyzstanKyrgyzstani som
24%
UzbekistanUzbekistani som
24%
Costa RicaColón
23%
AngolaKwanza
21%
AzerbaijanAzerbaijani manat
20%
ArmeniaDram
20%
NigeriaNaira
20%
TurkmenistanTurkmenistani manat
20%
EthiopiaBirr
19%
LaosKip
19%
BangladeshTaka
19%
KazakhstanTenge
19%
MongoliaTugrik
19%
NicaraguaCórdoba
18%
HaitiGourde
18%
GeorgiaLari
18%
HondurasLempira
18%
Sierra LeoneLeone
18%
MalawiMalawian kwacha
18%
ZambiaZambian kwacha
18%
BotswanaPula
17%
MadagascarAriary
16%
GhanaCedi
16%
MyanmarKyat
16%
TajikistanSomoni
16%
Papua New GuineaKina
15%
MozambiqueMetical
15%
VanuatuVatu
15%
EritreaNakfa
14%
MauritaniaOuguiya
14%
SamoaTālā
14%
GambiaDalasi
13%
São Tomé and PríncipeDobra
13%
TongaPaʻanga
13%

Score Distribution

Percentile by Number Answered

Percent of People with Each Score

Your Score History

You have not taken this quiz since the last reset